Normal view
MARC view
- تاليف عاشور، فايد خماد؛ تقديم ومراجعة نسيم، جوزيف
Entry Personal Name
001 - CONTROL NUMBER
- control field: 18242
003 - CONTROL NUMBER IDENTIFIER
- control field: JO-AjAnu
005 - DATE AND TIME OF LATEST TRANSACTION
- control field: 20230606073215.0
008 - FIXED-LENGTH DATA ELEMENTS
- fixed length control field: 230606|| aca||aabn | a|a d
040 ## - CATALOGING SOURCE
- Original cataloging agency: JO-AjAnu
- Transcribing agency: JO-AjAnu
100 ## - HEADING--PERSONAL NAME
- Personal name: تاليف عاشور، فايد خماد؛ تقديم ومراجعة نسيم، جوزيف
670 ## - SOURCE DATA FOUND
- Source citation: Work cat.: (JO-AjAnu)9364: تاليف عاشور، فايد خماد؛ تقديم ومراجعة نسيم، جوزيف, author, العلاقات السياسية بين المماليك والمغول في الدولة المملوكية الأولى